Nursing health assessment : (Record no. 7860)
[ view plain ]
| 000 -LEADER | |
|---|---|
| fixed length control field | 00680nam a22002057a 4500 |
| 003 - CONTROL NUMBER IDENTIFIER | |
| control field | OSt |
| 005 - DATE AND TIME OF LATEST TRANSACTION | |
| control field | 20260127050729.0 |
| 008 - FIXED-LENGTH DATA ELEMENTS--GENERAL INFORMATION | |
| fixed length control field | 260127b |||||||| |||| 00| 0 eng d |
| 020 ## - INTERNATIONAL STANDARD BOOK NUMBER | |
| International Standard Book Number | 978-971-513-230-5. |
| 040 ## - CATALOGING SOURCE | |
| Original cataloging agency | DWC-Main lib. |
| Transcribing agency | OC |
| 082 ## - DEWEY DECIMAL CLASSIFICATION NUMBER | |
| Edition number | 1st ed. |
| Classification number | Fil. 610.73 B352n 2007 |
| 100 ## - MAIN ENTRY--PERSONAL NAME | |
| Personal name | Bautista, Joy N. |
| 245 ## - TITLE STATEMENT | |
| Title | Nursing health assessment : |
| Remainder of title | a textbook for Filipino nursing students/ |
| Statement of responsibility, etc. | Joy N. Bautista |
| 260 ## - PUBLICATION, DISTRIBUTION, ETC. | |
| Place of publication, distribution, etc. | Manila : |
| Name of publisher, distributor, etc. | Educational Publishing House, |
| Date of publication, distribution, etc. | c2007. |
| 300 ## - PHYSICAL DESCRIPTION | |
| Extent | xii, 315 p. : |
| Other physical details | illustration ; |
| Dimensions | 24 cm. |
| 504 ## - BIBLIOGRAPHY, ETC. NOTE | |
| Bibliography, etc. note | Includes references. |
| 650 ## - SUBJECT ADDED ENTRY--TOPICAL TERM | |
| Topical term or geographic name entry element | 1. Nursing-Textbooks. |
| 760 ## - MAIN SERIES ENTRY | |
| Edition | 1st ed. |
| 942 ## - ADDED ENTRY ELEMENTS (KOHA) | |
| Source of classification or shelving scheme | Dewey Decimal Classification |
| Koha item type | Book-Filipiniana |
| Edition | 1st ed. |
| Classification part | Fil. |
| Suppress in OPAC | No |
| 952 ## - LOCATION AND ITEM INFORMATION (KOHA) | |
| -- | |
| 952 ## - LOCATION AND ITEM INFORMATION (KOHA) | |
| -- | |
| 952 ## - LOCATION AND ITEM INFORMATION (KOHA) | |
| -- | |
| Withdrawn status | Lost status | Source of classification or shelving scheme | Damaged status | Not for loan | Home library | Current library | Shelving location | Date acquired | Source of acquisition | Total Checkouts | Full call number | Barcode | Date last seen | Copy number | Price effective from | Koha item type | Uniform Resource Identifier |
|---|---|---|---|---|---|---|---|---|---|---|---|---|---|---|---|---|---|
| Dewey Decimal Classification | HM & Nursing Library | HM & Nursing Library | Filipiniana | 03/20/2007 | School Fund | Fil. 610.73 B352n 2007 | HMN44441 | 01/27/2026 | c1 | 01/27/2026 | BK - FIL | ||||||
| Dewey Decimal Classification | HM & Nursing Library | HM & Nursing Library | Filipiniana | 03/20/2007 | School Fund | Fil. 610.73 B352n 2007 | HMN44442 | 01/27/2026 | c2 | 01/27/2026 | BK - FIL | ||||||
| Dewey Decimal Classification | HM & Nursing Library | HM & Nursing Library | Filipiniana | 03/20/2007 | School Fund | Fil. 610.73 B352n 2007 | HMN44443 | 01/27/2026 | c3 | 01/27/2026 | BK - FIL |